书目信息 |
| 题名: |
图说ITRON/JTRON
|
|
| 作者: | 美崎 薰 著 ;王庆 译 | |
| 分册: | ||
| 出版信息: | 北京 科学出版社 2003.02 |
|
| 页数: | 208页 | |
| 开本: | 21cm | |
| 丛书名: | 轻松跟我学 | |
| 单 册: | ||
| 中图分类: | TP316.2-64 | |
| 科图分类: | ||
| 主题词: | 软件 | |
| 电子资源: | ||
| ISBN: | 7-03-010803-5 | |
| 000 | 00659nam0 2200229 450 | |
| 001 | 0456781689 | |
| 005 | 20040315154621.15 | |
| 010 | @a7-03-010803-5@dCNY17.00 | |
| 100 | @a20040315d2003 km y0chiy0120 ea | |
| 101 | 0 | @achi |
| 102 | @aCN@b110000 | |
| 200 | 1 | @a图说ITRON/JTRON@Atu shuo ITRON/JTRON@f(日)美崎 薰著@F(ri)mei qi xun zhu@g王庆译@Gwang qing yi |
| 210 | @a北京@c科学出版社@d2003.02 | |
| 215 | @a208页@d21cm | |
| 225 | 2 | @a轻松跟我学 |
| 410 | 0 | @12001 @a轻松跟我学 |
| 606 | 0 | @a软件 |
| 690 | @aTP316.2-64@v4 | |
| 701 | 0 | @a美崎 薰@Amei qi xun@4著 |
| 702 | 0 | @a王庆@Awang qing@4译 |
| 801 | 0 | @aCN@bPFT@c20040315 |
| 905 | @aBZT@dTP316.2-64@e1@f5 | |
| 图说ITRON/JTRON/(日)美崎 薰著/王庆译.-北京:科学出版社,2003.02 |
| 208页;21cm.-(轻松跟我学) |
| ISBN 7-03-010803-5:CNY17.00 |
| ● |
| 相关链接 |
|
|
|
正题名:图说ITRON/JTRON
索取号:TP316.2-64/1
 
预约/预借
| 序号 | 登录号 | 条形码 | 馆藏地/架位号 | 状态 | 备注 |
| 1 | 2001740146 | 2001740146 | 样本书库/样008架A面3层3列/ [索取号:TP316.2-64/1] | 在馆 | |
| 2 | 359389 | 230076182 | 中心书库中库/ 中库027架B面7列2层43/ [索取号:TP316.2-64/1] | 在馆 | |
| 3 | 359390 | 230076178 | 中心书库中库/ 中库027架B面7列2层44/ [索取号:TP316.2-64/1] | 在馆 | |
| 4 | 359391 | 230076184 | 中心书库中库/ 中库027架B面7列2层45/ [索取号:TP316.2-64/1] | 在馆 | |
| 5 | 359392 | 230076180 | 中心书库中库/ 中库027架B面7列2层42/ [索取号:TP316.2-64/1] | 在馆 |